Normal view
MARC view
- St. Martin's Press
Entry Corporate Name
001 - CONTROL NUMBER
- control field: 106865
003 - CONTROL NUMBER IDENTIFIER
- control field: NUST
005 - DATE AND TIME OF LATEST TRANSACTION
- control field: 20230116124539.0
008 - FIXED-LENGTH DATA ELEMENTS
- fixed length control field: 230116|| aca||aabn | a|a d
040 ## - CATALOGING SOURCE
- Original cataloging agency: NUST
- Transcribing agency: NUST
110 ## - HEADING--CORPORATE NAME
- Corporate name or jurisdiction name as entry element: St. Martin's Press
670 ## - SOURCE DATA FOUND
- Source citation: Work cat.: (NUST)185869: Axelrod, Rise B. 95419, The St. Martin's guide to writing /, c1991.
